000 00452nam a2200169 i 4500
001 bg
245 0 _aEngineering optimization.
260 _aAmsterdam :
_bNorth-Holland Publishing Company,
_c1979.
490 1 _aMathematical Programming Study ;
_v11
650 9 _aOptymalizacja
830 _aMathematical Programming Study ;
040 _cBPK
041 _apol
080 _a624:519.8
942 _cKS
008 s pl f |000 0 pol
999 _c19256
_d19256
856 _uhttp://koha.tu.koszalin.pl/cgi-bin/koha/opac-detail.pl?biblionumber=19256
_yKatalog online BPK